000 00753cam a22002292 4500
001 0000023498
005 20151217152242.0
008 130124s xx 000 0 eng d
020 _a1403198853 :
040 _aKABU
_cKABU
100 1 _aHubbard, L. Ron.
_@0000182885
245 1 0 _aMusic maker :
_bcomposer & performer /
_cL. Ron Hubbard.
250 _a2nd ed.
260 _aCommerce, CA :
_bBridge Publications,
_c2012.
300 _a171 p.
600 1 0 _aHubbard, L. Ron
_xKnowledge
_xMusic.
_@0000182885
650 0 _aMusic
_xHistory and criticism
_y20th Century.
_@0000182927
650 0 _aMusicians
_xBiography
_zUnited States.
_@0000182928
852 1 _9p1000 KES
908 _a130124
950 _@1
999 _c9842
_d9842